Song Titles by Picture - Statistics

General Stats
  • This quiz has been taken 491 times
  • The average score is 8 of 28
Answer Stats
Picture Hint Answer % Correct
BTS Dynamite
77%
George Ezra Budapest
57%
Michael Jackson Man in the Mirror
55%
Kate Bush Running up that Hill
52%
Billie Eilish Bad Guy
50%
Kanye West Gold Digger
43%
Simon & Garfunkel Bridge Over Troubled Water
42%
Red Hot Chili Peppers Snow (Hey Oh)
42%
Pink Floyd Time
40%
Tom Petty Free Fallin'
36%
Outkast Ms. Jackson
31%
Archies Sugar Sugar
29%
Weezer Buddy Holly
28%
Meat Loaf Bat out of Hell
27%
Spin Doctors Two Princes
27%
Beatles Lady Madonna
26%
Coldplay Paradise
26%
New Order Blue Monday
25%
Foreigner Cold as Ice
23%
Electric Light Orchestra Mr. Blue Sky
21%
Ultravox Vienna
20%
Manfred Mann's Earth Band Blinded by the Light
14%
Rose Royce Car Wash
13%
Styx Mr. Roboto
11%
10cc Dreadlock Holiday
8%
Stranglers Golden Brown
8%
Paula Abdul Straight Up
7%
Eric Carmen Hungry Eyes
5%
No matching quizzes found
Score Distribution
Percent of People with Each Score
Percentile by Number Answered
Your Score History
You have not taken this quiz